Ética Sexual : declaración acerca de ciertas cuestiones de ética sexual / [por] Sagrada Congregación de la Fe

Salvato in:
Dettagli Bibliografici
Ente Autore: Iglesia Católica. Sagrada Congregación de la Fe
Natura: Libro
Edizione:6a edición
Serie:Actas y Documentos Pontificios
Soggetti:
Tags: Aggiungi Tag
Nessun Tag, puoi essere il primo ad aggiungerne!!

MARC

LEADER 00000nam^a2200000^u^4500
001 000542008
005 20250521000000.0
008 060220s1000^^^^^^^^^^^^r^^^^^000^0^spa^d
009 20260310131235.915
035 |a FMI 000010511 
037 |a Acervo Xavier Clavigero 
096 |a 5.4.4/45/A 
110 |a Iglesia Católica. Sagrada Congregación de la Fe 
245 1 0 |a Ética Sexual : declaración acerca de ciertas cuestiones de ética sexual / [por] Sagrada Congregación de la Fe 
250 |a 6a edición 
264 |a México : Ediciones Paulinas, 1984 
300 |a 28 p. 
336 |a texto  |b txt  |2 rdacontenido 
337 |a sin mediación  |b n  |2 rdamedio 
338 |a volumen  |b nc  |2 rdasoporte 
440 0 |a Actas y Documentos Pontificios 
649 |a XX 
650 |a Documentos Eclesiásticos 
910 |a Fondo Francisco Migoya Covarrubias S.J. 
920 |a Impresos - Libros 
930 |a Fondos Especiales 
905 |a 134 
901 |a SBC03706  |b IT2  |c ESP  |u 20250521 
902 |a https://opac.biblio.iteso.mx/vufind/Record/000542008